<?xml version="1.0" encoding="UTF-8"?>
<record
    xmlns:xsi="http://www.w3.org/2001/XMLSchema-instance"
    xsi:schemaLocation="http://www.loc.gov/MARC21/slim http://www.loc.gov/standards/marcxml/schema/MARC21slim.xsd"
    xmlns="http://www.loc.gov/MARC21/slim">

  <leader>01356nam a22002297a 4500</leader>
  <datafield tag="999" ind1=" " ind2=" ">
    <subfield code="c">57226</subfield>
    <subfield code="d">57226</subfield>
  </datafield>
  <controlfield tag="003">Ge_BSU</controlfield>
  <controlfield tag="005">20200121162952.0</controlfield>
  <controlfield tag="008">200121s2009       ||||| |||| 00| 0 geo d</controlfield>
  <datafield tag="020" ind1=" " ind2=" ">
    <subfield code="a">9789941904912</subfield>
  </datafield>
  <datafield tag="041" ind1=" " ind2=" ">
    <subfield code="a">geo</subfield>
  </datafield>
  <datafield tag="080" ind1=" " ind2=" ">
    <subfield code="a">271.22-726.1(479.22) &#x10D5;-21</subfield>
  </datafield>
  <datafield tag="100" ind1=" " ind2=" ">
    <subfield code="a">&#x10D5;&#x10D0;&#x10E0;&#x10D3;&#x10DD;&#x10E1;&#x10D0;&#x10DC;&#x10D8;&#x10EB;&#x10D4;, &#x10E1;&#x10D4;&#x10E0;&#x10D2;&#x10DD;</subfield>
    <subfield code="9">6282</subfield>
  </datafield>
  <datafield tag="245" ind1=" " ind2=" ">
    <subfield code="a">&#x10E1;&#x10E0;&#x10E3;&#x10DA;&#x10D8;&#x10D0;&#x10D3; &#x10E1;&#x10D0;&#x10E5;&#x10D0;&#x10E0;&#x10D7;&#x10D5;&#x10D4;&#x10DA;&#x10DD;&#x10E1; &#x10D9;&#x10D0;&#x10D7;&#x10DD;&#x10DA;&#x10D8;&#x10D9;&#x10DD;&#x10E1;-&#x10DE;&#x10D0;&#x10E2;&#x10E0;&#x10D8;&#x10D0;&#x10E0;&#x10E5;&#x10D8; &#x10E3;&#x10EC;&#x10DB;&#x10D8;&#x10D3;&#x10D4;&#x10E1;&#x10D8; &#x10D3;&#x10D0; &#x10E3;&#x10DC;&#x10D4;&#x10E2;&#x10D0;&#x10E0;&#x10D4;&#x10E1;&#x10D8; &#x10E5;&#x10E0;&#x10D8;&#x10E1;&#x10E2;&#x10D4;&#x10E4;&#x10DD;&#x10E0;&#x10D4; III (1927-1932 &#x10EC;.&#x10EC;.)      /</subfield>
    <subfield code="c">&#x10E1;&#x10D4;&#x10E0;&#x10D2;&#x10DD;  &#x10D5;&#x10D0;&#x10E0;&#x10D3;&#x10DD;&#x10E1;&#x10D0;&#x10DC;&#x10D8;&#x10EB;&#x10D4; ; &#x10E0;&#x10D4;&#x10D3;. &#x10D4;&#x10DA;&#x10D3;&#x10D0;&#x10E0; &#x10D1;&#x10E3;&#x10D1;&#x10E3;&#x10DA;&#x10D0;&#x10E8;&#x10D5;&#x10D8;&#x10DA;&#x10D8;.</subfield>
  </datafield>
  <datafield tag="264" ind1=" " ind2=" ">
    <subfield code="a">&#x10D7;&#x10D1;&#x10D8;&#x10DA;&#x10D8;&#x10E1;&#x10D8; :</subfield>
    <subfield code="b">&#x10DC;&#x10D0;&#x10D7;&#x10DA;&#x10D8;&#x10E1;&#x10DB;&#x10EA;&#x10D4;&#x10DB;&#x10D4;&#x10DA;&#x10D8;,</subfield>
    <subfield code="c">2009.</subfield>
  </datafield>
  <datafield tag="300" ind1=" " ind2=" ">
    <subfield code="a">180 &#x10D2;&#x10D5;. : </subfield>
    <subfield code="b">&#x10E4;&#x10DD;&#x10E2;. ; </subfield>
    <subfield code="c">20 &#x10E1;&#x10DB;.</subfield>
  </datafield>
  <datafield tag="504" ind1=" " ind2=" ">
    <subfield code="a">&#x10D1;&#x10D8;&#x10D1;&#x10DA;&#x10D8;&#x10DD;&#x10D2;&#x10E0;.: &#x10D2;&#x10D5;. 174-177.</subfield>
  </datafield>
  <datafield tag="546" ind1=" " ind2=" ">
    <subfield code="a">&#x10E0;&#x10D4;&#x10D6;. &#x10E0;&#x10E3;&#x10E1;.</subfield>
  </datafield>
  <datafield tag="653" ind1=" " ind2=" ">
    <subfield code="a">&#x10E0;&#x10D4;&#x10DA;&#x10D8;&#x10D2;&#x10D8;&#x10D0;</subfield>
  </datafield>
  <datafield tag="653" ind1=" " ind2=" ">
    <subfield code="a">:&#x10E5;&#x10E0;&#x10D8;&#x10E1;&#x10E2;&#x10D4;&#x10E4;&#x10DD;&#x10E0;&#x10D4; III (&#x10EA;&#x10D8;&#x10EA;&#x10E5;&#x10D8;&#x10E8;&#x10D5;&#x10D8;&#x10DA;&#x10D8; &#x10E5;.; &#x10D9;&#x10D0;&#x10D7;&#x10DD;&#x10DA;&#x10D8;&#x10D9;&#x10DD;&#x10E1;-&#x10DE;&#x10D0;&#x10E2;&#x10E0;&#x10D8;&#x10D0;&#x10E0;&#x10E5;&#x10D8;), 1873-1932). &#x10E1;&#x10D0;&#x10E5;&#x10D0;&#x10E0;&#x10D7;&#x10D5;&#x10D4;&#x10DA;&#x10DD;&#x10E1; &#x10D9;&#x10D0;&#x10D7;&#x10DD;&#x10DA;&#x10D8;&#x10D9;&#x10DD;&#x10E1;-&#x10DE;&#x10D0;&#x10E2;&#x10E0;&#x10D8;&#x10D0;&#x10E0;&#x10E5;&#x10D4;&#x10D1;&#x10D8;.</subfield>
  </datafield>
  <datafield tag="700" ind1=" " ind2=" ">
    <subfield code="a">&#x10D1;&#x10E3;&#x10D1;&#x10E3;&#x10DA;&#x10D0;&#x10E8;&#x10D5;&#x10D8;&#x10DA;&#x10D8;, &#x10D4;&#x10DA;&#x10D3;&#x10D0;&#x10E0;</subfield>
    <subfield code="e">&#x10E0;&#x10D4;&#x10D3;&#x10D0;&#x10E5;&#x10E2;&#x10DD;&#x10E0;&#x10D8;</subfield>
    <subfield code="9">6283</subfield>
  </datafield>
  <datafield tag="942" ind1=" " ind2=" ">
    <subfield code="2">udc</subfield>
    <subfield code="c">BK</subfield>
  </datafield>
  <datafield tag="952" ind1=" " ind2=" ">
    <subfield code="0">0</subfield>
    <subfield code="1">0</subfield>
    <subfield code="2">udc</subfield>
    <subfield code="4">0</subfield>
    <subfield code="6">27122726147922_&#x10D5;21</subfield>
    <subfield code="7">0</subfield>
    <subfield code="9">88406</subfield>
    <subfield code="a">CPL</subfield>
    <subfield code="b">CPL</subfield>
    <subfield code="c">GEN</subfield>
    <subfield code="d">2020-01-21</subfield>
    <subfield code="g">8.00</subfield>
    <subfield code="o">271.22-726.1(479.22) &#x10D5;-21</subfield>
    <subfield code="p">59543</subfield>
    <subfield code="r">2020-01-21</subfield>
    <subfield code="t">59543</subfield>
    <subfield code="w">2020-01-21</subfield>
    <subfield code="y">BK</subfield>
    <subfield code="z">8.00</subfield>
  </datafield>
</record>
